Les 100 prénoms masculins les plus donnés en 1996 - Statistiques

Statistiques générales
  • Ce quiz a été pris 635 fois
  • Le résultat moyen est 61 sur 100
Statistiques - réponses
# 1ère lettre Prénom % Correct
26 P Paul
93%
7 Q Quentin
93%
1 T Thomas
93%
9 J Julien
92%
5 K Kévin
92%
17 P Pierre
91%
95 A Alex
90%
59 J Jean
90%
8 A Antoine
89%
83 J-B Jean-Baptiste
88%
80 J Jules
88%
2 A Alexandre
86%
29 L Louis
84%
3 N Nicolas
84%
27 T Théo
83%
42 M Matthieu
82%
14 R Romain
82%
4 M Maxime
81%
44 D David
80%
12 V Valentin
80%
34 V Victor
80%
30 B Baptiste
78%
10 F Florian
78%
25 H Hugo
78%
23 M Mathieu
78%
85 O Olivier
78%
69 Y Yann
78%
36 D Damien
77%
15 G Guillaume
77%
49 L Léo
77%
19 L Lucas
77%
11 A Alexis
76%
70 T Tom
76%
48 N Nathan
75%
13 A Anthony
74%
16 C Clément
73%
77 G Gabriel
72%
72 W William
72%
21 J Jeremy
71%
20 V Vincent
71%
45 B Bastien
70%
18 B Benjamin
70%
61 F Fabien
70%
31 S Sébastien
70%
58 F Florent
69%
24 A Adrien
68%
63 C Charles
68%
39 S Simon
68%
35 A Arthur
67%
22 C Corentin
66%
54 F François
66%
92 M Marc
65%
32 A Axel
63%
71 M Martin
61%
89 G Grégory
60%
56 B Benoît
59%
41 R Raphaël
59%
97 C Christophe
58%
64 D Dorian
58%
6 D Dylan
58%
82 J Jérôme
58%
38 R Rémi
58%
65 S Samuel
58%
93 S Stéphane
58%
99 Y Yanis
57%
46 M Mickaël
56%
57 C Cédric
55%
40 T Thibault
55%
28 J Jordan
53%
60 M Maxence
53%
43 A Aurélien
52%
37 J Jonathan
52%
47 A Arnaud
51%
53 G Gaëtan
51%
87 E Enzo
48%
33 L Loïc
47%
75 T Tristan
45%
73 E Etienne
44%
68 L Ludovic
43%
50 R Robin
42%
79 M Mohamed
41%
66 R Rémy
41%
81 S Sylvain
41%
90 Y Yoann
38%
78 C Cyril
34%
76 D Dimitri
33%
55 B Bryan
31%
62 T Thibaut
31%
52 S Steven
28%
96 E Erwan
26%
51 C Christopher
25%
67 J Jason
25%
91 T Tony
23%
88 M Morgan
22%
100 G Geoffrey
17%
74 M Mehdi
17%
84 J Jimmy
16%
86 T Tanguy
14%
94 B Brandon
13%
98 A Aymeric
12%
Aucun quiz correspondant
Distribution des résultats
% des personnes avec chaque résultat
Percentile par nombre de réponses
Votre historique - résultats
Vous n’avez pas pris ce quiz